Creative writing : forms and techniques

Bibliographic Details
Main Author: Mueller, Lavonne
Other Authors: Reynolds, Jerry D
Format: Book
Published: Illinois : National Textbook Co. , 1991
Subjects:

MARC

LEADER 00000cam a2200000 7i4500
001 0000008429
002 000009187
005 20000330.0
020 |a 0844253650 
090 0 0 |a 808   |b MUE 
100 1 |a Mueller, Lavonne 
245 1 0 |a Creative writing :   |b forms and techniques   |c Lavonne Mueller and Jerry D.Reynolds 
260 |a Illinois :   |b National Textbook Co. ,   |c 1991 
300 |a 256 p. ;   |c 23 cm. 
650 0 0 |a Creative writing 
700 1 |a Reynolds, Jerry D 
999 |a 042744   |b BUKU   |c PINJAMAN   |e PERPUSTAKAAN KOMUNITI PETALING JAYA